| 000 | 00963nam a22003377a 4500 | ||
|---|---|---|---|
| 005 | 20260319120218.0 | ||
| 008 | 200902b2016 xxu||||| |||| 00| 0 spa d | ||
| 020 | _a9788494479038 | ||
| 041 | _aESP | ||
| 082 | _a364.17 B456d | ||
| 100 |
_aBenavides Schiller, Andrés _958234 |
||
| 245 | _aEl delito de fraude del funcionario público | ||
| 260 | _aEspaña | ||
| 260 | _bBosch | ||
| 260 | _c2016 | ||
| 300 | _a353 páginas | ||
| 490 | _aInvestigación Criminal | ||
| 650 | _aINVESTIGACIÓN CRIMINAL | ||
| 650 | _aDELITO DE FRAUDE | ||
| 650 | _aFUNCIONARIO PÚBLICO | ||
| 650 | _aDELITOS CONTRA LA ADMINISTRACIÓN PÚBLICA | ||
| 650 | _aSUJETO ACTIVO DEL DELITO | ||
| 650 | _aTENTATIVA DE FRAUDE | ||
| 650 | _aDELITO DE ESTAFA | ||
| 650 | _aDELITO DE COHECHO | ||
| 650 | _aDELITO DE MALVERSACIÓN | ||
| 650 | _aDELITO DE PREVARICACIÓN | ||
| 650 | _aTRÁFICO DE INFLUENCIAS | ||
| 650 | _aCONSECUENCIAS JURÍDICAS | ||
| 942 |
_cBK _2ddc |
||
| 999 |
_c12699 _d12699 |
||